01229nam a2200325 4500001000400000003000400004005001700008008004100025040000800066041001300074082001600087100002600103240002600129245011100155260002800266300001500294490004300309520031500352650002500667650001900692650001300711650001300724650001900737655000800756655001600764700003000780700002300810700002700833830004300860327OSt20250528074018.0250327b |||||||g |||| 00| 1 eng d bpor hengapor a028.5bK16b1 aKane, Bob,d1916-1998 aBatman special n° 33 aBatman - especial n° 33 /cKane, Bob ; História de Denny O´Neil e Desenho de Bob Brown e Dick Giordano aSão PaulobEBALc1973 a34 p.bil.1 aBatman (em cores) 1° sérievvol. 33 aPublicada pela primeira vez em Batman (1940) n° 248/1973 - DC Comics Batman volta a enfrentar o Coronel Sulphur e, de quebra, encara um ex-marinheiro que traiu os Aliados durante a Segunda Guerra Mundial em troca de um lendário diamante japonês cujo paradeiro pretende descobrir não importa a que custo. 0aLiteratura Americana 0aInfantojuvenil 0aAventura 0aAção 0aSuper-heróis 0aHQs 0aFicção  aDenny O´NeileHistória aBob BrowneDesenho aDick GiordanoeDesenho aBatman (em cores) 1° sérievvol. 33